MARC details
| 000 -LEADER |
| fixed length control field |
02144cam a2200541 i 4500 |
| 001 - CONTROL NUMBER |
| control field |
2020018866 |
| 003 - CONTROL NUMBER IDENTIFIER |
| control field |
DLC |
| 005 - DATE AND TIME OF LATEST TRANSACTION |
| control field |
20210223163544.0 |
| 008 - FIXED-LENGTH DATA ELEMENTS--GENERAL INFORMATION |
| fixed length control field |
200423s2021 nyu 000 1 eng |
| 010 ## - LIBRARY OF CONGRESS CONTROL NUMBER |
| LC control number |
2020018866 |
| 020 ## - INTERNATIONAL STANDARD BOOK NUMBER |
| International Standard Book Number |
9781982103699 |
| Qualifying information |
(hbk.) |
| 020 ## - INTERNATIONAL STANDARD BOOK NUMBER |
| Cancelled/invalid ISBN |
9781982103705 |
| Qualifying information |
(pbk.) |
| 020 ## - INTERNATIONAL STANDARD BOOK NUMBER |
| Cancelled/invalid ISBN |
9781982103712 |
| Qualifying information |
(ebk.) |
| 035 ## - SYSTEM CONTROL NUMBER |
| System control number |
(OCoLC)1152354815 |
| 040 ## - CATALOGING SOURCE |
| Original cataloging agency |
DLC |
| Language of cataloging |
eng |
| Description conventions |
rda |
| Transcribing agency |
DLC |
| Modifying agency |
TnLvILS |
| 042 ## - AUTHENTICATION CODE |
| Authentication code |
pcc |
| 043 ## - GEOGRAPHIC AREA CODE |
| Geographic area code |
e-sp--- |
| -- |
n-us--- |
| 092 ## - LOCALLY ASSIGNED DEWEY CALL NUMBER (OCLC) |
| Classification number |
F Berenson |
| 100 1# - MAIN ENTRY--PERSONAL NAME |
| Personal name |
Berenson, Alex, |
| Relator term |
author. |
| 9 (RLIN) |
50891 |
| 245 14 - TITLE STATEMENT |
| Title |
The power couple / |
| Statement of responsibility, etc |
Alex Berenson. |
| 250 ## - EDITION STATEMENT |
| Edition statement |
First Simon & Schuster hardcover edition. |
| 264 #1 - Production, Publication, Distribution, Manufacture, and Copyright Notice. |
| Place of production, publication, distribution, manufacture |
New York : |
| Name of producer, publisher, distributor, manufacturer |
Simon & Schuster, |
| Date of production, publication, distribution, manufacture, or copyr |
2021. |
| 300 ## - PHYSICAL DESCRIPTION |
| Extent |
x, 421 pages ; |
| Dimensions |
24 cm. |
| 336 ## - Content Type |
| Content type term |
text |
| 337 ## - Media type |
| Media type term |
unmediated |
| 338 ## - Carrier type |
| Carrier type term |
volume |
| 500 ## - GENERAL NOTE |
| General note |
"A novel"--Jacket. |
| 520 ## - SUMMARY, ETC. |
| Summary, etc |
"When their college-aged daughter is abducted on a European family vacation, Brian and Rebecca Unsworth--both U.S. intelligence staffers--race to find the kidnappers and keep their fragile marriage intact"-- |
| 650 #0 - SUBJECT ADDED ENTRY--TOPICAL TERM |
| Topical term or geographic name as entry element |
Spouses |
| Form subdivision |
Fiction. |
| 9 (RLIN) |
5686617 |
| 650 #0 - SUBJECT ADDED ENTRY--TOPICAL TERM |
| Topical term or geographic name as entry element |
Marital conflict |
| Form subdivision |
Fiction. |
| 9 (RLIN) |
5684403 |
| 650 #0 - SUBJECT ADDED ENTRY--TOPICAL TERM |
| Topical term or geographic name as entry element |
Intelligence service |
| Geographic subdivision |
United States |
| Form subdivision |
Fiction. |
| 9 (RLIN) |
5730986 |
| 650 #0 - SUBJECT ADDED ENTRY--TOPICAL TERM |
| Topical term or geographic name as entry element |
Kidnapping |
| General subdivision |
Investigation |
| Form subdivision |
Fiction. |
| 9 (RLIN) |
5749315 |
| 650 #0 - SUBJECT ADDED ENTRY--TOPICAL TERM |
| Topical term or geographic name as entry element |
Abduction |
| Form subdivision |
Fiction. |
| 9 (RLIN) |
5676220 |
| 650 #0 - SUBJECT ADDED ENTRY--TOPICAL TERM |
| Topical term or geographic name as entry element |
Young women |
| Form subdivision |
Fiction. |
| 9 (RLIN) |
5674220 |
| 650 #0 - SUBJECT ADDED ENTRY--TOPICAL TERM |
| Topical term or geographic name as entry element |
Family vacations |
| Form subdivision |
Fiction. |
| 9 (RLIN) |
5753835 |
| 650 #0 - SUBJECT ADDED ENTRY--TOPICAL TERM |
| Topical term or geographic name as entry element |
Families |
| Form subdivision |
Fiction. |
| 9 (RLIN) |
5674501 |
| 650 #0 - SUBJECT ADDED ENTRY--TOPICAL TERM |
| Topical term or geographic name as entry element |
Man-woman relationships |
| Form subdivision |
Fiction. |
| 9 (RLIN) |
5674079 |
| 651 #0 - SUBJECT ADDED ENTRY--GEOGRAPHIC NAME |
| Geographic name |
Barcelona (Spain) |
| Form subdivision |
Fiction. |
| 9 (RLIN) |
6364784 |
| 651 #0 - SUBJECT ADDED ENTRY--GEOGRAPHIC NAME |
| Geographic name |
Spain |
| Form subdivision |
Fiction. |
| 9 (RLIN) |
5714573 |
| 655 #7 - INDEX TERM--GENRE/FORM |
| Genre/form data or focus term |
Romantic suspense fiction. |
| Source of term |
gsafd. |
| 655 #7 - INDEX TERM--GENRE/FORM |
| Genre/form data or focus term |
Domestic fiction. |
| Source of term |
lcgft. |
| 655 #7 - INDEX TERM--GENRE/FORM |
| Genre/form data or focus term |
Romance fiction. |
| Source of term |
lcgft. |
| 655 #7 - INDEX TERM--GENRE/FORM |
| Genre/form data or focus term |
Spy fiction. |
| Source of term |
lcgft. |
| 9 (RLIN) |
5700151 |
| 655 #7 - INDEX TERM--GENRE/FORM |
| Genre/form data or focus term |
Thrillers (Fiction) |
| Source of term |
lcgft. |
| 9 (RLIN) |
5697221 |
| 776 08 - ADDITIONAL PHYSICAL FORM ENTRY |
| Display text |
Online version: |
| Main entry heading |
Berenson, Alex, |
| Title |
The power couple |
| Edition |
First Simon & Schuster hardcover edition. |
| Place, publisher, and date of publication |
New York : Simon & Schuster, 2021. |
| International Standard Book Number |
9781982103712 |
| Record control number |
(DLC) 2020018867. |
| 907 ## - LOCAL DATA ELEMENT G, LDG (RLIN) |
| a |
.b435856790 |
| 942 ## - ADDED ENTRY ELEMENTS (KOHA) |
| Source of classification or shelving scheme |
Dewey Decimal Classification |
| Koha item type |
BOOK |